[Event "DEM U8 2023"]
[Site "Willingen GER"]
[Date "2023.06.01"]
[Round "3"]
[White "Reese, Oscar"]
[Black "Thirumal, Shravan"]
[Result "1-0"]
[Termination "normal"]
[Board "2"]
[WhiteElo "1132"]
[BlackElo "1118"]
[PlyCount "77"]
[WhiteFideId "34644474"]
[BlackFideId "34625356"]
[EventCountry "GER"]
[EventRounds "7"]
[EventType "swiss"]
[EventDate "2023.05.30"]

1. e4 d6 2. d4 g6 3. Nc3 Bg7 4. Bc4 a6 5. a4 e6 6. Nf3 Ne7 7. O-O b6 8. Bg5 Bb7
9. d5 exd5 10. Bxd5 Bxd5 11. Nxd5 Nbc6 12. c3 O-O 13. Bf6 Qd7 14. Bxg7 Kxg7 15.
Nd4 Nxd5 16. exd5 Nxd4 17. Qxd4+ f6 18. f4 Qf5 19. h3 h5 20. Kh2 Rae8 21. Qc4
Rf7 22. Rad1 a5 23. Qb5 Rfe7 24. Qc6 Rc8 25. Kh1 Qc2 26. Rde1 Rf7 27. Qb5 Qf5
28. Re6 h4 29. Qc4 Qc2 30. Re2 Qf5 31. Rfe1 Qd7 32. Re6 f5 33. Qd4+ Kh6 34. Qf2
Kh5 35. b3 c5 36. g4+ fxg4 37. hxg4+ Kxg4 38. Qg2+ Kf5 39. Qg5# 1-0

[Event "DEM U8 2023"]
[Site "Willingen GER"]
[Date "2023.06.01"]
[Round "3"]
[White "Stopp, Bruno"]
[Black "Liu, Jonas"]
[Result "0-1"]
[Termination "normal"]
[Board "3"]
[WhiteElo "1170"]
[BlackElo "1039"]
[PlyCount "124"]
[WhiteFideId "34640347"]
[BlackFideId "34660941"]
[EventCountry "GER"]
[EventRounds "7"]
[EventType "swiss"]
[EventDate "2023.05.30"]

1. e4 c5 2. Nf3 d6 3. c3 Nf6 4. Be2 e6 5. O-O Be7 6. Re1 O-O 7. Qc2 Nc6 8. d4
Bd7 9. Bf4 cxd4 10. cxd4 Rc8 11. Nc3 d5 12. e5 Ne4 13. Nxe4 Nxd4 14. Qd3 Nxe2+
15. Rxe2 dxe4 16. Qxe4 Bc6 17. Qe3 Bc5 18. Qc3 Bb5 19. Rd2 Bxf2+ 20. Kxf2 Rxc3
21. Rxd8 Rc2+ 22. Rd2 Rxd2+ 23. Bxd2 Rc8 24. Rc1 Rd8 25. Rc3 Bc6 26. Ke3 h6 27.
Nd4 Bxg2 28. Ra3 a6 29. Ba5 Rd5 30. Bc7 f6 31. exf6 e5 32. Nf3 gxf6 33. Ke4 Rd2
34. Ke3 Rxb2 35. Rb3 Rxa2 36. Nh4 Bc6 37. Nf5 Kh7 38. Ne7 Rxh2 39. Nxc6 Rh3+
40. Ke4 Rxb3 41. Na5 Rb4+ 42. Kd3 h5 43. Bb8 h4 44. Ba7 h3 45. Bg1 Rg4 46. Bh2
Rg2 47. Nc4 Rxh2 48. Ne3 Rf2 49. Ng4 Rf4 50. Nh2 Rf2 51. Ng4 Rg2 52. Nxf6+ Kg6
53. Nd7 h2 54. Nxe5+ Kf5 55. Kc4 Kxe5 56. Kc5 h1=Q 57. Kb6 Qc1 58. Ka7 Qc7 59.
Ka8 Rg8+ 60. Ka7 b6+ 61. Kxa6 Qc6 62. Ka7 Ra8# 0-1

[Event "DEM U8 2023"]
[Site "Willingen GER"]
[Date "2023.06.01"]
[Round "3"]
[White "Alloussi, Arian"]
[Black "Ranganathan, Aadith"]
[Result "0-1"]
[Termination "normal"]
[Board "4"]
[WhiteElo "1174"]
[BlackElo "1002"]
[PlyCount "92"]
[WhiteFideId "34637788"]
[BlackFideId "34667121"]
[EventCountry "GER"]
[EventRounds "7"]
[EventType "swiss"]
[EventDate "2023.05.30"]

1. e4 e5 2. Nf3 Nc6 3. Bc4 Bc5 4. c3 Nf6 5. d3 O-O 6. a3 a6 7. O-O d6 8. Bg5
Bg4 9. b4 Ba7 10. Nbd2 h6 11. Be3 d5 12. exd5 Nxd5 13. Bxd5 Qxd5 14. Bxa7 Rxa7
15. Nc4 e4 16. h3 Bxf3 17. gxf3 exf3 18. Qd2 Qe6 19. Kh2 Rd8 20. Rae1 Qg6 21.
Rg1 Qf6 22. Rg3 b5 23. Na5 Nxa5 24. bxa5 Qd6 25. Reg1 h5 26. Qg5 g6 27. Qxh5
Kg7 28. Qxf3 Rh8 29. Qe3 Raa8 30. Qd4+ Qxd4 31. cxd4 Rad8 32. Rg4 Rh5 33. Rf4
c5 34. dxc5 Rxc5 35. Rf3 Rc3 36. Ra1 Rdxd3 37. Rxd3 Rxd3 38. a4 bxa4 39. Rxa4
Rd5 40. Kg3 Rd3+ 41. f3 f5 42. Rc4 Ra3 43. Rc5 Ra4 44. f4 Kh6 45. h4 Kh5 46.
Rc8 Ra3+ 0-1

[Event "DEM U8 2023"]
[Site "Willingen GER"]
[Date "2023.06.01"]
[Round "3"]
[White "Schmidt, Jan"]
[Black "Mukazhanov, Arslan"]
[Result "1-0"]
[Termination "normal"]
[Board "5"]
[WhiteElo "1291"]
[BlackElo "779"]
[PlyCount "95"]
[WhiteFideId "34625682"]
[BlackFideId "34647686"]
[EventCountry "GER"]
[EventRounds "7"]
[EventType "swiss"]
[EventDate "2023.05.30"]

1. e4 e5 2. Nf3 Nc6 3. d4 exd4 4. Nxd4 Nxd4 5. Qxd4 d6 6. Bc4 c5 7. Qd1 Bd7 8.
O-O Nf6 9. Re1 Be7 10. Nc3 O-O 11. Bf4 Qc7 12. Nd5 Nxd5 13. Bxd5 Bc6 14. c4
Bxd5 15. exd5 Bf6 16. Qe2 Qd7 17. Rad1 Rfe8 18. Qc2 Rxe1+ 19. Rxe1 Re8 20.
Rxe8+ Qxe8 21. Kf1 Qe7 22. b3 Qd7 23. Qd3 Qg4 24. Qe2 Qd7 25. Qe3 h6 26. Qg3 b5
27. Bxd6 bxc4 28. bxc4 Qa4 29. Qb3 Qa5 30. g3 Bd4 31. Bf4 g5 32. Bc1 Qc7 33. f4
gxf4 34. Bxf4 Qd7 35. Kg2 Qg4 36. Qd3 Kg7 37. Qf3 Qf5 38. Bxh6+ Kg6 39. Qxf5+
Kxf5 40. Kf3 f6 41. Be3 Be5 42. Bxc5 a6 43. g4+ Kg5 44. Be3+ Kh4 45. Bf4 Bd4
46. d6 Bb6 47. d7 Kh3 48. c5 1-0

[Event "DEM U8 2023"]
[Site "Willingen GER"]
[Date "2023.06.01"]
[Round "3"]
[White "Saeidi, Fardin Jahan"]
[Black "Sriram, Aumkar"]
[Result "0-1"]
[Termination "normal"]
[Board "7"]
[WhiteElo "1037"]
[BlackElo "1126"]
[PlyCount "128"]
[WhiteFideId "34658360"]
[BlackFideId "33460477"]
[EventCountry "GER"]
[EventRounds "7"]
[EventType "swiss"]
[EventDate "2023.05.30"]

1. e4 g6 2. Nf3 Bg7 3. d4 c5 4. d5 d6 5. Bc4 Nd7 6. Nc3 Nb6 7. Bb5+ Bd7 8.
Bxd7+ Qxd7 9. Bd2 Nc4 10. b3 Nxd2 11. Qxd2 b5 12. Rd1 Nf6 13. O-O b4 14. Ne2
Nxe4 15. Qf4 Nf6 16. Rfe1 O-O 17. Ng3 Qb7 18. Qd2 a5 19. Ne4 Nxe4 20. Rxe4 Rfe8
21. Rb1 e6 22. Rd1 exd5 23. Rxe8+ Rxe8 24. Qxd5 Qxd5 25. Rxd5 Bf8 26. g3 Ra8
27. Kg2 a4 28. Nd2 axb3 29. axb3 Ra2 30. Nc4 Rxc2 31. Nxd6 Rb2 32. Nb7 Rxb3 33.
Nxc5 Bxc5 34. Rxc5 Rc3 35. Rb5 b3 36. Kf1 Kf8 37. Ke2 Rc2+ 38. Kf1 b2 39. Kg2
Ke7 40. Kf3 Kd6 41. Ke3 Kc6 42. Rb3 Kc5 43. Rb8 Kc4 44. Rc8+ Kb3 45. Rb8+ Ka2
46. Ra8+ Kb1 47. h3 Kc1 48. Rb8 b1=Q 49. Rxb1+ Kxb1 50. f4 Rh2 51. h4 h6 52.
Kf3 f6 53. Ke4 Kc2 54. f5 g5 55. hxg5 hxg5 56. g4 Kc3 57. Kd5 Rg2 58. Ke6 Rxg4
59. Kxf6 Kd4 60. Kg6 Ke5 61. f6 Ke6 62. f7 Ke7 63. Kf5 Rg1 64. f8=Q+ Kxf8 0-1

[Event "DEM U8 2023"]
[Site "Willingen GER"]
[Date "2023.06.01"]
[Round "3"]
[White "Belov, Artemii"]
[Black "Grimm, Jakob"]
[Result "1/2-1/2"]
[Termination "normal"]
[Board "8"]
[WhiteElo "1229"]
[BlackElo "1272"]
[PlyCount "40"]
[WhiteFideId "34665234"]
[BlackFideId "34635645"]
[EventCountry "GER"]
[EventRounds "7"]
[EventType "swiss"]
[EventDate "2023.05.30"]

1. c4 Nf6 2. Nf3 c6 3. g3 d5 4. b3 Bf5 5. d4 e6 6. Bg2 Bb4+ 7. Bd2 a5 8. O-O
O-O 9. Bxb4 axb4 10. Nbd2 Nbd7 11. Re1 Ne4 12. Nxe4 Bxe4 13. Nh4 Bxg2 14. Nxg2
b6 15. e4 Nf6 16. exd5 exd5 17. Ne3 Ne4 18. Qd3 Nc3 19. a3 Qf6 20. cxd5 cxd5
1/2-1/2

[Event "DEM U8 2023"]
[Site "Willingen GER"]
[Date "2023.06.01"]
[Round "3"]
[White "Rössling, Johannes"]
[Black "Golnik, Rasmus"]
[Result "1-0"]
[Termination "normal"]
[Board "9"]
[WhiteElo "1328"]
[BlackElo "1052"]
[PlyCount "77"]
[WhiteFideId "34642773"]
[EventCountry "GER"]
[EventRounds "7"]
[EventType "swiss"]
[EventDate "2023.05.30"]

1. e4 e5 2. Nf3 Nf6 3. Nxe5 d6 4. Nf3 Nxe4 5. Qe2 Qe7 6. d3 Nf6 7. Nc3 d5 8.
Bg5 Bg4 9. Bxf6 Qxe2+ 10. Bxe2 Bxf3 11. Bxf3 gxf6 12. Bxd5 Bb4 13. Bxb7 Bxc3+
14. bxc3 Nd7 15. Bxa8 O-O 16. Bc6 Ne5 17. Be4 Re8 18. O-O c5 19. h3 c4 20. d4
Ng6 21. Bd5 Rc8 22. Rfb1 Ne7 23. Be4 Re8 24. Rb7 Nc8 25. Bc6 Rd8 26. Rd7 Re8
27. Rxa7 Re6 28. Rc7 Ne7 29. Bd7 Nd5 30. Rc8+ Kg7 31. Bxe6 fxe6 32. Re1 Nxc3
33. Rxc4 Nxa2 34. Ra1 Nc3 35. Rxc3 e5 36. dxe5 fxe5 37. Rc6 Kf7 38. Ra7+ Ke8
39. Rc8# 1-0

[Event "DEM U8 2023"]
[Site "Willingen GER"]
[Date "2023.06.01"]
[Round "3"]
[White "Öhrlein, Frederik"]
[Black "Schmidt, Alexander Nadvid"]
[Result "0-1"]
[Termination "normal"]
[Board "10"]
[WhiteElo "1061"]
[BlackElo "1256"]
[PlyCount "106"]
[WhiteFideId "34687556"]
[BlackFideId "34661360"]
[EventCountry "GER"]
[EventRounds "7"]
[EventType "swiss"]
[EventDate "2023.05.30"]

1. e4 e5 2. Nf3 Nc6 3. Nc3 d6 4. Bc4 Nf6 5. h3 Nxe4 6. Nxe4 d5 7. Bxd5 Qxd5 8.
Nc3 Qd8 9. d3 Bc5 10. Bg5 f6 11. Bh4 O-O 12. g4 Nd4 13. Nxd4 exd4 14. Ne4 Re8
15. f4 Qd5 16. f5 b6 17. Qf3 Bb4+ 18. Kd1 Bb7 19. a3 Bd6 20. Re1 c5 21. c4 dxc3
22. bxc3 Qb3+ 23. Kc1 Bxe4 24. dxe4 b5 25. Qd3 Bf4+ 26. Re3 Bxe3+ 27. Qxe3 b4
28. axb4 cxb4 29. Be1 bxc3 30. Rb1 Qa3+ 31. Kc2 Qa2+ 32. Kc1 c2 33. Qb3+ Qxb3
34. Rxb3 Rec8 35. Rb2 a5 36. Rxc2 Rxc2+ 37. Kxc2 a4 38. h4 Rb8 39. g5 a3 40.
gxf6 gxf6 41. Bc3 Kf7 42. e5 fxe5 43. Bxe5 Rb5 44. Bd6 a2 45. h5 a1=Q 46. h6
Qb2+ 47. Kd3 Rd5+ 48. Ke4 Qd4+ 49. Kf3 Rxf5+ 50. Kg2 Qxd6 51. Kg1 Qg6+ 52. Kh2
Qg4 53. Kh1 Rh5# 0-1

[Event "DEM U8 2023"]
[Site "Willingen GER"]
[Date "2023.06.01"]
[Round "3"]
[White "Wolf, Adam"]
[Black "Trunz, Daniel"]
[Result "1-0"]
[Termination "normal"]
[Board "11"]
[WhiteElo "1256"]
[BlackElo "1086"]
[PlyCount "83"]
[WhiteFideId "34623426"]
[BlackFideId "34640797"]
[EventCountry "GER"]
[EventRounds "7"]
[EventType "swiss"]
[EventDate "2023.05.30"]

1. e4 e5 2. Nf3 Nc6 3. d4 exd4 4. Nxd4 d5 5. Nxc6 bxc6 6. exd5 cxd5 7. Nc3 Nf6
8. Bg5 Be6 9. Bb5+ Bd7 10. Bxd7+ Qxd7 11. Bxf6 gxf6 12. Nxd5 Qe6+ 13. Qe2 Qxe2+
14. Kxe2 O-O-O 15. Rad1 Bg7 16. Nb4 Rhe8+ 17. Kf3 f5 18. c3 Re4 19. Rxd8+ Kxd8
20. Nc6+ Kd7 21. Nb4 Be5 22. Nd3 Bd6 23. Rd1 Kc8 24. g3 h5 25. h4 Kb7 26. Nf4
a5 27. Nxh5 Ra4 28. a3 Rc4 29. Rd5 Rc6 30. Rxa5 Rb6 31. b4 Rc6 32. Rxf5 Rxc3+
33. Ke4 Rxa3 34. Rxf7 Bxb4 35. f4 Be1 36. f5 Bxg3 37. Nxg3 Rxg3 38. Ke5 Kc8 39.
h5 Rh3 40. Rh7 Kd8 41. Ke6 Ke8 42. Rh8# 1-0

[Event "DEM U8 2023"]
[Site "Willingen GER"]
[Date "2023.06.01"]
[Round "3"]
[White "Schimming, Wilhelm"]
[Black "Pragatheswarakumar, Krish Keerthan"]
[Result "0-1"]
[Termination "normal"]
[Board "12"]
[WhiteElo "983"]
[BlackElo "1152"]
[PlyCount "82"]
[WhiteFideId "34662030"]
[BlackFideId "34679359"]
[EventCountry "GER"]
[EventRounds "7"]
[EventType "swiss"]
[EventDate "2023.05.30"]

1. c4 e5 2. g3 Nf6 3. Bg2 Bc5 4. Nc3 d6 5. e3 Nc6 6. Nge2 Bd7 7. d4 exd4 8.
exd4 Bb4 9. O-O h6 10. Re1 O-O 11. d5 Bxc3 12. Nxc3 Ne5 13. f4 Nxc4 14. b3 Nb6
15. Bb2 Re8 16. Ne4 Nbxd5 17. Nxf6+ Nxf6 18. Rxe8+ Nxe8 19. Bxb7 Rb8 20. Be4
Qe7 21. Qd4 Nf6 22. Re1 Qf8 23. Rc1 c5 24. Qc3 Nxe4 25. Qd3 Bc6 26. Rd1 Bb7 27.
Qc4 d5 28. Qf1 d4 29. Qh3 Qd6 30. Qh5 Ba6 31. Re1 Re8 32. Kg2 Qc6 33. Kg1 Bb7
34. Qf5 Nd6 35. Rxe8+ Nxe8 36. Kf1 Qh1+ 37. Ke2 Qxh2+ 38. Kf1 Qg2+ 39. Ke1 Ba6
40. Qg4 Qxb2 41. Qh5 Qc1+ 0-1

[Event "DEM U8 2023"]
[Site "Willingen GER"]
[Date "2023.06.01"]
[Round "3"]
[White "Graf, Tom"]
[Black "Chupikov, Mark"]
[Result "0-1"]
[Termination "normal"]
[Board "13"]
[WhiteElo "1095"]
[BlackElo "958"]
[PlyCount "152"]
[WhiteFideId "34622420"]
[BlackFideId "34680721"]
[EventCountry "GER"]
[EventRounds "7"]
[EventType "swiss"]
[EventDate "2023.05.30"]

1. e4 e5 2. Nf3 Nc6 3. Bc4 Bc5 4. Nc3 Nf6 5. d3 O-O 6. Bg5 h6 7. Bh4 Be7 8. O-O
Nh7 9. Bxe7 Qxe7 10. Nd5 Qd8 11. c3 d6 12. d4 Bg4 13. dxe5 Nxe5 14. Be2 Nf6 15.
Nxf6+ Qxf6 16. Nxe5 Bxe2 17. Qxe2 Qxe5 18. f4 Qc5+ 19. Kh1 Rfe8 20. Qf3 Qc4 21.
Rfe1 Re7 22. e5 d5 23. Red1 c6 24. Qf1 Qxf1+ 25. Rxf1 Rf8 26. g3 f6 27. exf6
Rxf6 28. Rae1 Rfe6 29. Rxe6 Rxe6 30. Rf2 Re1+ 31. Kg2 Kf7 32. Rf1 Re2+ 33. Rf2
Re1 34. Kf3 Kf6 35. g4 g5 36. f5 c5 37. Re2 Rf1+ 38. Ke3 Rf4 39. Rd2 Rxg4 40.
Rxd5 Rg2 41. Rxc5 Rxb2 42. Rc7 Kxf5 43. Rc5+ Kg6 44. Ra5 a6 45. h3 Rh2 46. Ra3
Rxh3+ 47. Kd4 h5 48. Rb3 h4 49. Rxb7 Rf3 50. Rb6+ Kh5 51. Rb8 Kg4 52. c4 h3 53.
Rh8 Kg3 54. c5 Rf4+ 55. Kd5 Rh4 56. Rxh4 Kxh4 57. c6 h2 58. Kd6 h1=Q 59. c7
Qd1+ 60. Kc6 Qc2+ 61. Kb7 Qxc7+ 62. Kxc7 g4 63. a4 g3 64. Kb6 g2 65. Kxa6 g1=Q
66. a5 Kg4 67. Kb7 Qb1+ 68. Ka7 Kf5 69. a6 Ke6 70. Ka8 Kd6 71. a7 Qc2 72. Kb7
Qc7+ 73. Ka6 Qc8+ 74. Kb6 Qa8 75. Ka6 Kc5 76. Ka5 Qxa7# 0-1

[Event "DEM U8 2023"]
[Site "Willingen GER"]
[Date "2023.06.01"]
[Round "3"]
[White "Chaganti, Prahasith Reddy"]
[Black "Stojanoski, Stefan"]
[Result "1/2-1/2"]
[Termination "normal"]
[Board "14"]
[WhiteElo "836"]
[BlackElo "1133"]
[PlyCount "156"]
[WhiteFideId "34697586"]
[BlackFideId "34632948"]
[EventCountry "GER"]
[EventRounds "7"]
[EventType "swiss"]
[EventDate "2023.05.30"]

1. e4 e5 2. Nf3 Nc6 3. Bc4 Bc5 4. c3 Nf6 5. d4 exd4 6. cxd4 Bb4+ 7. Nbd2 O-O 8.
e5 Ne4 9. O-O Nxd2 10. Bxd2 Bxd2 11. Qxd2 d6 12. Rae1 dxe5 13. dxe5 Qxd2 14.
Nxd2 Re8 15. Nf3 h6 16. h3 Be6 17. Rc1 Rac8 18. Rfe1 Bxc4 19. Rxc4 Re6 20. Nd4
Nxd4 21. Rxd4 Rce8 22. Rd7 R8e7 23. Rd8+ Kh7 24. Ra8 a6 25. Rb8 b5 26. Ra8 f6
27. f4 fxe5 28. fxe5 c5 29. b3 c4 30. bxc4 bxc4 31. Rc8 Rxe5 32. Rxe5 Rxe5 33.
Rxc4 Ra5 34. a4 g5 35. g4 Kg8 36. Kf2 Kf7 37. Ke3 Re5+ 38. Kd4 Re6 39. a5 Rd6+
40. Ke5 Rd3 41. Rc6 Rxh3 42. Rxa6 h5 43. Rf6+ Ke7 44. gxh5 Rxh5 45. Rf5 Kd7 46.
Kd5 Kc8 47. Ke6 Rh6+ 48. Kf7 Ra6 49. Rxg5 Kb7 50. Ke7 Kc6 51. Re5 Ra7+ 52. Kf6
Ra6 53. Kf5 Ra7 54. Ke4 Ra6 55. Kd4 Kb7 56. Kc4 Kc6 57. Re6+ Kb7 58. Re7+ Kc6
59. Kb4 Ra8 60. Re6+ Kb7 61. Kb5 Rb8 62. Re7+ Ka8+ 63. Ka6 Rb1 64. Re6 Rb7 65.
Rb6 Ra7+ 66. Kb5 Rb7 67. Kc6 Ra7 68. a6 Rh7 69. Rb5 Rh6+ 70. Kc7 Rh7+ 71. Kb6
Rh6+ 72. Ka5 Ka7 73. Rb7+ Ka8 74. Rg7 Rh5+ 75. Kb6 Rh6+ 76. Ka5 Rh5+ 77. Kb4
Rh4+ 78. Kc5 Rh5+ 1/2-1/2

[Event "DEM U8 2023"]
[Site "Willingen GER"]
[Date "2023.06.01"]
[Round "3"]
[White "Fendel, Arsenij"]
[Black "Merle, Atreyu Lukas"]
[Result "0-1"]
[Termination "normal"]
[Board "16"]
[WhiteElo "740"]
[BlackElo "1081"]
[PlyCount "152"]
[BlackFideId "34670033"]
[EventCountry "GER"]
[EventRounds "7"]
[EventType "swiss"]
[EventDate "2023.05.30"]

1. e4 e5 2. Nf3 Nc6 3. Bc4 Bc5 4. c3 Nf6 5. d4 exd4 6. cxd4 Bb4+ 7. Nc3 Nxe4 8.
O-O Bxc3 9. bxc3 d5 10. Bb3 Nxc3 11. Qe1+ Ne4 12. Ba3 Be6 13. Rc1 Ng5 14. Ne5
Ne7 15. Qd2 Ne4 16. Qc2 c6 17. f3 Nf6 18. Qc5 Nh5 19. Nd3 b6 20. Qd6 Bf5 21.
Rfe1 Qxd6 22. Bxd6 Be6 23. Bxe7 Kxe7 24. Rxc6 Rhd8 25. Rec1 Kf8 26. Rc7 Rac8
27. Rxa7 Bf5 28. Rxc8 Rxc8 29. Ne5 f6 30. Nd7+ Bxd7 31. Rxd7 Nf4 32. Bxd5 Ke8
33. Rxg7 Nxd5 34. Rxh7 Nb4 35. a4 Nd3 36. Kf1 Rc4 37. d5 Rxa4 38. d6 Rd4 39.
Re7+ Kd8 40. Re6 Rf4 41. Ke2 Kd7 42. Re4 Rxe4+ 43. fxe4 Nf4+ 44. Kf3 Nd3 45.
Ke3 Ne5 46. Kf4 Kxd6 47. h4 Ng6+ 48. Kg4 Ke5 49. h5 Nf4 50. h6 b5 51. h7 Ng6
52. Kh5 Nh8 53. Kh6 Nf7+ 54. Kg7 Ke6 55. g4 b4 56. e5 fxe5 57. g5 b3 58. g6 Nh8
59. Kxh8 b2 60. Kg8 b1=Q 61. h8=Q Qxg6+ 62. Qg7 Qxg7+ 63. Kxg7 e4 64. Kg6 e3
65. Kg5 e2 66. Kf4 e1=Q 67. Kf3 Qd2 68. Ke4 Qb4+ 69. Kd3 Ke5 70. Kc2 Qa3 71.
Kd2 Ke4 72. Kc2 Kd4 73. Kb1 Qc3 74. Ka2 Qb4 75. Ka1 Kc3 76. Ka2 Qb2# 0-1

[Event "DEM U8 2023"]
[Site "Willingen GER"]
[Date "2023.06.01"]
[Round "3"]
[White "Filis, Leon"]
[Black "Dold, Emil"]
[Result "1-0"]
[Termination "normal"]
[Board "18"]
[WhiteElo "1046"]
[BlackElo "1113"]
[PlyCount "119"]
[WhiteFideId "34611436"]
[EventCountry "GER"]
[EventRounds "7"]
[EventType "swiss"]
[EventDate "2023.05.30"]

1. d4 d5 2. Nc3 Nf6 3. Bf4 Nc6 4. Nb5 e5 5. Bxe5 Nxe5 6. dxe5 a6 7. exf6 axb5
8. e3 Qxf6 9. Qd4 Qxd4 10. exd4 Bb4+ 11. c3 Bd6 12. Bxb5+ c6 13. Bd3 O-O 14.
Ne2 Re8 15. O-O Bg4 16. Rfe1 Re7 17. Ng3 Rae8 18. Kf1 Rxe1+ 19. Rxe1 Rxe1+ 20.
Kxe1 b5 21. Bf5 Bxf5 22. Nxf5 Bxh2 23. g3 g6 24. Ne3 h5 25. Kf1 h4 26. Kg2 hxg3
27. fxg3 f5 28. Kxh2 Kg7 29. Kg2 Kf6 30. Kf3 g5 31. g4 f4 32. Nf5 Kg6 33. Ne7+
Kf6 34. Nxc6 Ke6 35. Ne5 Kf6 36. b3 Ke6 37. c4 bxc4 38. bxc4 dxc4 39. Nxc4 Kd5
40. Ne5 Kxd4 41. Nf7 Kc3 42. Nxg5 Kb4 43. Nh3 Ka3 44. g5 Kxa2 45. g6 Kb3 46. g7
Kc4 47. g8=Q+ Kd4 48. Kxf4 Kc5 49. Qg3 Kd4 50. Qe3+ Kd5 51. Qe4+ Kc5 52. Kf5
Kb6 53. Qd5 Kc7 54. Qe6 Kb7 55. Qd6 Ka8 56. Qd7 Kb8 57. Ke6 Ka8 58. Kd6 Kb8 59.
Kc6 Ka8 60. Qb7# 1-0

[Event "DEM U8 2023"]
[Site "Willingen GER"]
[Date "2023.06.01"]
[Round "3"]
[White "Hornych, Fridtjof"]
[Black "Estrin, Boris"]
[Result "1-0"]
[Termination "normal"]
[Board "19"]
[WhiteElo "963"]
[BlackElo "1205"]
[PlyCount "117"]
[BlackFideId "34649859"]
[EventCountry "GER"]
[EventRounds "7"]
[EventType "swiss"]
[EventDate "2023.05.30"]

1. e4 c5 2. d4 cxd4 3. c3 dxc3 4. Nxc3 Nc6 5. Bd3 d6 6. Nf3 Bg4 7. Be3 e6 8.
Be2 Nf6 9. O-O Be7 10. Nd2 Bxe2 11. Qxe2 O-O 12. Qf3 Ne5 13. Qe2 Rc8 14. Nf3
Nxf3+ 15. Qxf3 Nd7 16. Qg3 f5 17. Bh6 Bf6 18. exf5 Be5 19. Bf4 Rxf5 20. Bxe5
Nxe5 21. f4 Ng6 22. Qf3 Qb6+ 23. Qf2 Qxf2+ 24. Rxf2 Rxf4 25. Re2 Ne5 26. Nb5
Rb4 27. Nxd6 Rf8 28. Rxe5 Rxb2 29. Rxe6 Rbf2 30. Nxb7 Rb8 31. Nd6 Rff8 32. Rc1
h6 33. h3 Rb6 34. Rd1 Rb2 35. Re8 Rxe8 36. Nxe8 Rxa2 37. Nd6 Kh7 38. Nb5 a6 39.
Nc3 Rc2 40. Rd3 a5 41. Kf1 Kg6 42. Ke1 Rxg2 43. Rd6+ Kf7 44. Rd3 Ke6 45. Kf1
Rc2 46. Re3+ Kf5 47. Ne2 g5 48. Nd4+ Kf4 49. Nxc2 g4 50. hxg4 Kxg4 51. Kg2 h5
52. Nd4 Kf4 53. Nc2 Kg4 54. Nd4 Kf4 55. Nc2 Kg4 56. Re5 h4 57. Rxa5 h3+ 58. Kh2
Kh4 59. Ra3 1-0

[Event "DEM U8 2023"]
[Site "Willingen GER"]
[Date "2023.06.01"]
[Round "3"]
[White "Wang, Kaichen"]
[Black "Sander, Tino"]
[Result "0-1"]
[Termination "normal"]
[Board "20"]
[WhiteElo "1101"]
[BlackElo "923"]
[PlyCount "112"]
[WhiteFideId "34626891"]
[BlackFideId "34636110"]
[EventCountry "GER"]
[EventRounds "7"]
[EventType "swiss"]
[EventDate "2023.05.30"]

1. e4 e5 2. Nf3 Nc6 3. Nc3 Nf6 4. d4 exd4 5. Nxd4 Bb4 6. Nxc6 bxc6 7. Bd3 d5 8.
O-O O-O 9. Bd2 Be6 10. Re1 Rb8 11. a3 Bc5 12. b4 Bd4 13. Rb1 Ng4 14. Be3 Nxe3
15. fxe3 Bxc3 16. Re2 Bg4 17. Rb3 Bxe2 18. Qxe2 Be5 19. exd5 cxd5 20. Qh5 f5
21. Qh3 g6 22. c4 d4 23. e4 Qg5 24. c5 Qc1+ 25. Bf1 fxe4 26. Qe6+ Rf7 27. Qc4
Qxc4 28. Bxc4 e3 29. Bxf7+ Kxf7 30. Kf1 Bxh2 31. Rd3 Be5 32. Ke2 Ke6 33. Kf3 h5
34. Rd1 Rf8+ 35. Ke4 Rf4+ 36. Kd3 Rf2 37. a4 Kd5 38. a5 Rb2 39. a6 Bf4 40. b5
Rd2+ 41. Rxd2 exd2 42. Kc2 Kc4 43. b6 d3+ 44. Kd1 cxb6 45. cxb6 Be3 46. bxa7
Bxa7 47. Kxd2 g5 48. Kd1 g4 49. Kc1 h4 50. Kd1 h3 51. gxh3 gxh3 52. Kd2 h2 53.
Kd1 h1=Q+ 54. Kd2 Qg2+ 55. Kd1 Qe2+ 56. Kc1 Qc2# 0-1

[Event "DEM U8 2023"]
[Site "Willingen GER"]
[Date "2023.06.01"]
[Round "3"]
[White "Frerich, Theo"]
[Black "Nguyen-Trung, Atticus"]
[Result "1/2-1/2"]
[Termination "normal"]
[Board "21"]
[WhiteElo "1073"]
[BlackElo "920"]
[PlyCount "82"]
[WhiteFideId "533003505"]
[BlackFideId "34670041"]
[EventCountry "GER"]
[EventRounds "7"]
[EventType "swiss"]
[EventDate "2023.05.30"]

1. e4 e5 2. Nf3 Nc6 3. Bb5 a6 4. Ba4 Nf6 5. d3 d5 6. Nc3 b5 7. Bb3 Bb4 8. O-O
O-O 9. Nxd5 Nxd5 10. Bxd5 Bb7 11. c3 Ba5 12. d4 exd4 13. cxd4 Rb8 14. Bxc6 Bxc6
15. d5 Bd7 16. a3 Bb6 17. Re1 Qe7 18. b4 Rbe8 19. Bb2 f6 20. h3 Rf7 21. e5 Bf5
22. e6 Rff8 23. Nh4 Bg6 24. Nxg6 hxg6 25. Qc2 g5 26. Re4 f5 27. Re5 Rf6 28.
Rxf5 Rxf5 29. Qxf5 Rf8 30. Qg6 Bxf2+ 31. Kh1 g4 32. Qxg4 Bb6 33. Rd1 Rd8 34.
Rd3 Rf8 35. Rg3 Rf1+ 36. Kh2 Bg1+ 37. Kh1 Bf2+ 38. Kh2 Bg1+ 39. Kh1 Bf2+ 40.
Kh2 Bg1+ 41. Kh1 Bf2+ 1/2-1/2

[Event "DEM U8 2023"]
[Site "Willingen GER"]
[Date "2023.06.01"]
[Round "3"]
[White "Roscher, Simon"]
[Black "Guan, Guoyou"]
[Result "1-0"]
[Termination "normal"]
[Board "22"]
[WhiteElo "1051"]
[BlackElo "883"]
[PlyCount "57"]
[WhiteFideId "34673130"]
[BlackFideId "34649492"]
[EventCountry "GER"]
[EventRounds "7"]
[EventType "swiss"]
[EventDate "2023.05.30"]

1. e4 e5 2. Nf3 Nc6 3. Bc4 Nd4 4. Nxd4 exd4 5. d3 Nf6 6. c3 Bc5 7. O-O O-O 8.
b4 Bb6 9. Bb2 d5 10. exd5 Nxd5 11. Qb3 Be6 12. Re1 Re8 13. Re5 c6 14. cxd4 Bc7
15. Rh5 Bg4 16. Nd2 Bxh5 17. Bxd5 Qxd5 18. Qc3 Qd6 19. g3 Qd5 20. Nc4 Bg4 21.
Ne3 Bh3 22. Nxd5 Bxg3 23. hxg3 cxd5 24. Qc5 Rac8 25. Qxd5 b6 26. Rc1 Rxc1+ 27.
Bxc1 Re1+ 28. Kh2 Be6 29. Qd8# 1-0